| 000 | 00507nam a2200169 4500 | ||
|---|---|---|---|
| 001 | 112978 | ||
| 003 | ES-MaACL | ||
| 005 | 20230906185720.0 | ||
| 007 | t| | ||
| 008 | 061121s1967 sp r ||||1| spa d | ||
| 110 | 2 |
_aMuseo Provincial de Alava. _95914 |
|
| 245 | 1 | 0 |
_aMuseo Provincial de Alava _b: Armería. |
| 260 |
_aVitoria : _b[s.n.], _c1967 ( _fImp.Montepío Diocesano) |
||
| 300 |
_a48 p. 9 lám. ; _c20 cm. |
||
| 710 | 1 |
_aÁlava. _bConsejo de Cultura. _91309 |
|
| 852 |
_aES-MaACL _jC-33539 _bR.63808 |
||
| 999 |
_c112978 _d112978 |
||